MDQL
is popping MORE tags! Check the
thread
!
Quizzes
Events
Quiz Creation
Community
Videos
Private Events
Remove Ads
Sign In
Join for FREE
Feedback
Dark Mode
Quiz Categories
Sports
Geography
Music
Movies
Television
Just For Fun
Miscellaneous
History
Literature
Language
Science
Gaming
Entertainment
Religion
Holiday
For Kids
Quiz Lab
Recent
Popular Today
Quiz Kudos Today
Editor Picks
Curator Picks
Quizzes by...
Day
Popularity
Type
Ratings
Length
Year
Community
Subscriptions
Recent Discussions
Orange Saloon
Badges
Playlists
Quests
Create
Leaderboards
Showdown
Live 5
Trivia Bingo
Activity
Puzzle Library
Sporcle Events
Private Events
Virtual Trivia
Globe League
Become a Host
Pub Owners
SporcleCon
Opinionation
Our Games
Videos
Blog
Mobile Apps
Partnerships
Remove Ads and Go Orange
Feedback
Miscellaneous
Crossword
General Knowledge
Baby Names
Logo
Food
Cars
Numbers
Grab Bag
University
College
Popular
Company
Slogans
Restaurants
Justice
Letter
Miscellaneous
Crossword
General Knowledge
Baby Names
Logo
Food
Cars
Numbers
Grab Bag
University
College
Popular
Company
Slogans
Restaurants
Justice
Letter
Random Quiz
Search Sporcle
×
Quiz Lab
Quiz Lab
Miscellaneous
Famous
Type in answers that appear in a list
Type in answers that appear in a list
Classic
Best Score? Go Orange.
Famous Lefties Stats
Can you name the left-handed people from the hints below?
By
miyomiyo4
15m
60 Questions
664 Plays
664 Plays
664 Plays
Comments
Comments
Give Quiz Kudos
Give Quiz Kudos
-
- Ratings
hide this ad
Replay
Link that replays current quiz
Next Quiz
Link to next quiz in quiz playlist
You Got
0%
They Got
Avg Score
52%
Avg Friend Score
Upgrade to see
Score Distribution
Jump to the score distribution portion of the page
Score
0/60
Timer
15:00
0
Plays Today
Hint
Person
% Correct
44th president of the United States
Barack Obama
88.4%
42nd president of the United States
Bill Clinton
86.1%
41st president of the United States
George H. W. Bush
85.5%
38th president of the United States
Gerald Ford
82.5%
Automobile manufacturer who introduced the Model T
Henry Ford
82.4%
Garfunkel's counterpart
Paul Simon
80.9%
Muppet amphibian
Kermit the Frog
80%
40th president of the United States
Ronald Reagan
79.5%
Has three adopted and three biological children with Brad Pitt
Angelina Jolie
78.2%
Host of the Tonight Show
Jay Leno
77%
Couch-
jumping scientologist married to Katie Holmes
Tom Cruise
75.5%
Painter of the Sistene Chapel ceiling
Michelangelo
75%
Republican party nominee of 2008 election
John McCain
74.5%
Lead singer, guitarist, and songwriter of Nirvana
Kurt Cobain
71.2%
Host of the Late Show
David Letterman
70.5%
French military leader, at 5 foot 6
Napoleon Bonaparte
70.2%
Serial killer in London in 1888
Jack the Ripper
70%
Last Supper artist and contemporary of the above
Leonardo da Vinci
69.4%
French heroine of the Hundred Years' War
Joan of Arc
68.1%
Voice actor star of Toy Story
Tim Allen
67.2%
Puppeteer of the above
Jim Henson
64.2%
One of the greatest electric guitarist in the history of rock music
Jimi Hendrix
63.6%
Star of Ferris Bueller's Day Off
Matthew Broderick
63.1%
First baseballer to hit 60 home runs in one season
Babe Ruth
61.9%
First deafblind person to earn a Bachelor of Arts degree
Helen Keller
61%
33rd president of the United States
Harry Truman
59.2%
Transformed the Roman Republic into the Roman Empire
Julius Caesar
58.1%
Winner of the 1980 Best Actor Oscar for Raging Bull
Robert De Niro
58.1%
English silent film comedian and director
Charlie Chaplin
57.5%
One-
fourth, or arguably less, of the Fab Four
Ringo Starr
57.2%
Hint
Person
% Correct
Prime Minister of Cuba, 1959-
1976
Fidel Castro
56.3%
31st president of the United States
Herbert Hoover
54.7%
Supreme Court 'swing' justice appointed by the above
Anthony Kennedy
53.3%
Central figure of the baseball steroids scandal
Barry Bonds
52.7%
1992 and 1996 third party presidential candidate
Ross Perot
51.8%
Olympic swimmer surpassed only by Michael Phelps
Mark Spitz
51.4%
Only king of France to be executed
Louis XVI
49.5%
Queen of the UK and first Empress of India
Queen Victoria
48.5%
Ancient Greek king who conquered vast amounts of land
Alexander the Great
46.5%
Signed the Declaration of Independence and the Constitution
Benjamin Franklin
43.4%
20th president of the United States
James Garfield
42.8%
Nominee for the 1985 Best Actress Oscar for The Color Purple
Whoopi Goldberg
41.6%
Lead singer of the Sex Pistols
John Lydon
36.3%
Last surviving child of John F. Kennedy
Caroline Kennedy
35.8%
Jabberwocky author
Lewis Carroll
35.1%
Frankish king who conquered the majority of Europe
Charlemagne
31.5%
Eleventh World Chess champion
Bobby Fischer
30.6%
Televangelist host of The 700 Club
Pat Robertson
30.4%
The murderer of several women in Boston in the 1960s
Boston Strangler
29.8%
English author known as the father of science fiction
H. G. Wells
28.6%
Vice-
president to the above
Nelson Rockefeller
23.3%
Life in Hell cartoonist
Matt Groening
22.4%
Fictional television character of the above
Bart Simpson
19.7%
Co-
writer of 1967 hit single Soul Man
Isaac Hayes
16.9%
Winner of the 1977 Best Actor Oscar for The Goodbye Girl
Richard Dreyfuss
16.4%
Five-
time winner of the NBA Most Valuable Player Award
Bill Russell
15.7%
Dutch-
Frisian graphic artist known for tesselating artwork
M. C. Escher
15.2%
Named Ring Magazine's 'Fighter of the Year' in 1995
Oscar De La Hoya
11.9%
Vice-
president preceding the above
Henry Wallace
9%
Athlete regarded as cricket's greatest ever all-
rounder
Gary Sobers
4.1%
Quiz Playlist
Details
Report
Send in Message
Add To Playlist
Classic:
Type in answers that appear in a list
Quiz Source
Last Updated: Feb 16, 2017
Quiz Scoreboard
CHALLENGE
Sign Up to Join the Scoreboard
Show All
Scores
Hide
Comments
May contain spoilers
Recently Published
Holiday 10x10 Sorting Gallery
by lukepisani3
Holiday
15m
Two Season TV Shows II
by 123Four
Television
10m
Image Sorting: Flags VI
by Barbecue
Geography
2m
More to Explore
Quiz From the Vault
Featured Blog Post
14 Easter Pick-up Lines to Find Eggs With
hide this ad
You Might Also Like...
Tags
Famous Quiz
Left-handed
Person
Today's Top Quizzes in Miscellaneous
Browse Miscellaneous
hide this ad
Today's Top Quizzes in Famous
Browse Famous
Top Contributed Quizzes in Miscellaneous
1
The JOE quick-fire general knowledge quiz: Day 174
2
9x9 Crossword: Disney Movie Titles
3
5-to-1: Fast Food
4
The JOE quick-fire general knowledge quiz: Day 173
5
9x9 Crossword: Charlie and the Chocolate Factory
6
9x9 Crossword: The Simpsons
7
9x9 Crossword: Flags
8
9x9 Crossword: Actors
9
9x9 Crossword: 2022 Movies
10
9x9 Crossword: Pixar Movie Titles
Explore More
Trending Topics
Disney
Crossword
Anime
Kpop
NBA
Harry Potter
Marvel
Song
NFL
Puzzle
WWE
The Office
Country
Pokémon
Soccer
hide this ad
More By:
miyomiyo4
Quiz
Plays
Rating
Category
Featured
Created
Trivial Pursuit Flash
2,060
2.38
Miscellaneous
Oct 24, 2009
Famous Lefties
664
4.24
Miscellaneous
Oct 23, 2009
The Short Term Memory Quiz
652
2.30
Just For Fun
Oct 22, 2009
Countries By Marriage Rate
331
3.00
Geography
Oct 23, 2009
Simon - The Sporcle Quiz
254
3.67
Just For Fun
Oct 22, 2009
Go to Creator's Profile
Score Distribution
Quiz Creator Spotlight
miyomiyo4
Follow
Send a Message
Quizzes Created
-
Created Quiz Play Count
-
More By This Creator
Popular Quizzes Today
1
Find the US States - No Outlines Minefield
2
Colored Red Africa Blitz
3
Find the 'City' Movie
4
The Countries of the World
5
5x2 Blitz: Bands
6
Find the Countries of Europe - No Outlines Minefield
7
Find the US States
8
US States
More Miscellaneous Quizzes
Days and Months
Quiz Lab
Trending Quizzes
Colored Red Europe Blitz I
Colored Red Africa Blitz II
Colored Red Europe Blitz II
Even More Two Season TV Shows
Colored Red Africa Blitz III
Recently Updated
Odd Team Out - Big 4 Players
pecheneg
Quick Pick: 20 Twenties
pecheneg
March Madness Men's Triple Doubles
pecheneg
How Do You Spell That?
pecheneg
Godzilla Movies
pecheneg
Grab Bag: 4-10 Letters
pecheneg
2024 March Madness Bracket
pecheneg
Famous TV Couples
Peacemaker
Champions League XIs: Real Madrid
pecheneg
Largest US Cities 1790-2010
pecheneg
Trending Topics
Anime
Kpop
Harry Potter
Marvel
Crossword
NBA
Disney
Song
Country
NFL
Pokémon
WWE
The Office
Soccer
Puzzle
Your Account Isn't Verified!
In order to create a playlist on Sporcle, you need to verify the email address you used during registration. Go to your
Sporcle Settings
to finish the process.
Report this User
Report this user for behavior that violates our
Community Guidelines
.
Details:
Send Report
Go to the Sporcle.com Mobile Site →
Comments